03058nam a2200433 a 4500001001200000003000800012006001900020007001500039008004100054010001700095020003600112020003900148020002700187040002100214035002100235043001200256050002600268082001800294245013800312246004900450246006000499260006000559300002400619440003600643504006600679505128700745533015202032610003502184610004902219650004102268650005902309655002902368700002902397700002102426700001702447710001702464856012602481999001702607ebr10627960CaPaEBRm u cr cn|||||||||051007s2006 vaua sb 001 0 eng d z 2005029109 z0813925274 (cloth : alk. paper) z9780813925271 (cloth : alk. paper) z9780813934198 (e-book) aCaPaEBRcCaPaEBR a(OCoLC)823729264 an-us---14aKF8742.A5bI57 2006eb04a347.73/2622200aInstitutional games and the U.S. Supreme Courth[electronic resource] /cedited by James R. Rogers, Roy B. Flemming, and Jon R. Bond.3 aInstitutional games and the US Supreme Court3 aInstitutional games and the United States Supreme Court aCharlottesville :bUniversity of Virginia Press,c2006. axix, 335 p. :bill. 0aConstitutionalism and democracy aIncludes bibliographical references (p. [297]-313) and index.0 aStrategic games with Congress and the states -- Statutory battles and constitutional wars : Congress and the Supreme Court / Andrew D. Martin -- Why expert judges defer to (almost) ignorant legislators : accounting for the puzzle of judicial deference / James R. Rogers -- Institutions and independence in models of judicial review / Christopher Zorn -- "John Marshall has made his decision" : implementation, transparency, and public support / Georg Vanberg -- Court-state interactions : national judicial power and the dormant commerce clause / Clifford J. Carrubba and James R. Rogers -- Strategic games within the judicial hierarchy -- A court of appeals in a rational-choice model of Supreme Court decision making / Thomas H. Hammond, Chris W. Bonneau, and Reginald S. Sheehan -- Appeals mechanisms, litigant selection, and the structure of judicial hierarchies / Charles M. Cameron and Lewis A. Kornhauser -- Informative precedent and intrajudicial communications / Ethan Bueno de Mesquita and Matthew Stephenson -- Decision making by an agent with multiple principals : environmental policy in the U.S. courts of appeals / Stefanie A. Lindquist and Susan B. Haire -- Afterword : studying courts formally / Lawrence Baum -- Appendix: a primer on game theory / James R. Rogers. aElectronic reproduction.bPalo Alto, Calif. :cebrary,d2011.nAvailable via World Wide Web.nAccess may be limited to ebrary affiliated libraries.10aUnited States.bSupreme Court.10aUnited States.bCongressxPowers and duties. 0aSeparation of powerszUnited States. 0aPolitical questions and judicial powerzUnited States. 7aElectronic books.2local1 aRogers, James R.,d1960-1 aFlemming, Roy B.1 aBond, Jon R.2 aebrary, Inc.40uhttp://site.ebrary.com/lib/rucke/Doc?id=10627960zAn electronic book accessible through the World Wide Web; click to view c67754d67754